Biblioteca

Joseph Hall : (Registro nro. 46002)

Detalles MARC
000 -LÍDER
Campo fijo de descripción fija 01309aam a2200325 i 4500
001 - NÚMERO DE CONTROL
Campo de control 768714001
003 - IDENTIFICADOR DEL NÚMERO DE CONTROL
Campo de control CO-MdFUSB
005 - FECHA Y HORA DE LA ULTIMA TRANSACCIÓN
control field 20190923104727.0
008 - ELEMENTOS DE LONGITUD FIJA -- INFORMACIÓN GENERAL
Campo fijo de descripción fija -- Información general 190919t1982 nyu |||| |||| 00| 0 eng d
020 ## - NÚMERO INTERNACIONAL NORMALIZADO PARA LIBROS
Número Internacional Normalizado del libro 019812807X
040 ## - FUENTE DE CATALOGACIÓN
Idioma de catalogación spa.
Agencia de catalogación original CO-MdFUSB
Agencia que realiza la transcripción CO-MdFUSB
Agencia que realiza la modificación CO-MdFUSBC
Convenciones de la descripción rda
041 ## - CÓDIGO DE IDIOMA
Código de idioma para texto/pista de sonido o título separado eng
082 ## - NÚMERO DE CLASIFICACIÓN DECIMAL DEWEY
Número de la edición del Dewey 23
Número de clasificación 828.309
Clave de autor-Numero de item M478
100 1# - ASIENTO PRINCIPAL--NOMBRE PERSONAL
Nombre personal McCabe, Richard A.
Término relacionador autor
245 1# - TÍTULO
Título del Material Joseph Hall :
Parte restante del título - Subtitulo a study in satire and meditation
Mención de responsabilidad, etc. / Richard A. McCabe ;
260 ## - PUBLICACIÓN, DISTRIBUCIÓN, ETC. (PIE DE IMPRENTA)
Lugar de publicación, distribución, etc.
264 #1 - PRODUCCIÓN, PUBLICACIÓN, DISTRIBUCIÓN, MANUFACTURA, Y COPYRIGHT
Lugar de producción, publicación, distribución, manufactura Nueva York :
Nombre del productor, publicador, distribuidor Oxford University Press,
Fecha de producción, publicación, distribución, manufactura, o copyright [1982]
300 ## - DESCRIPCIÓN FÍSICA
Extensión xiv, 413 páginas
Dimensiones ; 23 cm
336 ## - TIPO DE CONTENIDO
Término de tipo de contenido texto
Código de tipo de contenido txt
Fuente rdacontent
337 ## - TIPO DE MEDIO
Fuente rdamedia
Nombre del tipo de medio sin mediación
Código del tipo de medio n
338 ## - TIPO DE SOPORTE
Fuente rdacarrier
Nombre del tipo de soporte volumen
Código Tipo de soporte nc
500 ## - NOTA GENERAL
Nota General Incluye índice (p. 401-413)
501 ## - NOTA DE “CON”
Nota de Contenido Pasta dura
505 0# - NOTA DE CONTENIDO
Nota de contenido con formato preestablecido El hombre y sus ideas. -- Parte 1: sátira: el mundo que ofende mis pensamientos. -- El virgidemiarum. -- Mundus Alter et Idem. -- Personajes y controversias. -- Parte 2: Meditaciones: "Una inclinación de la mente sobre algún objeto espiritual": -- Las meditaciones. -- Contemplaciones sobre la biblia. -- Parte 3: Homilética: "He censurado y dirigido: Los sermones. - Epílogo: Hacia el misticismo
563 ## - NOTA DE ENCUADERNACIÓN
Nota de encuadernación Rústico
653 ## - TÉRMINO DE INDIZACIÓN - NO CONTROLADO
Término no controlado Escritos
653 ## - TÉRMINO DE INDIZACIÓN - NO CONTROLADO
Término no controlado Sátira
942 ## - TIPO DE MATERIAL (KOHA)
Tipo de Item KOHA Libros General
945 ## - INFORMACIÓN LOCAL DEL REGISTRO
Catalogador JTF-925
Existencias
Estado de Material Estado de Perdido Forma de Clasificación Estado de Dañado No para Préstamo Colección Tomo Biblioteca de Origen Biblioteca Permanente Fecha de Adquisición Área Total de Préstamos Signatura Topográfica Código de Barras Última vez visto Ejemplar/Existencia Tipo de Material
    Dewey Decimal Classification     Colección General   Biblioteca FUSBC Biblioteca FUSBC 05/05/2015 OTROS   G 828.309 M478j 19707 12/12/2019 Ej. 1 Libros General

Biblioteca FUSBC | Teléfono: (57+4) 349 88 10 Ext. 141| WhatsApp (+57) 3005338115 
E-mail: biblioteca@unisbc.edu.co | Calle 76 87-14 Robledo Palenque, Medellín, Colombia

Con tecnología Koha